Online
Catalog

Banreservas : (Record no. 27292)

MARC details
000 -CABECERA
campo de control de longitud fija 01643nam a2200253 a 4500
001 - NÚMERO DE CONTROL
campo de control 000027800
003 - IDENTIFICADOR DEL NÚMERO DE CONTROL
campo de control DO-SdBNP
005 - FECHA Y HORA DE LA ÚLTIMA TRANSACCIÓN
campo de control 20220823125740.0
007 - CAMPO FIJO DE DESCRIPCIÓN FÍSICA--INFORMACIÓN GENERAL
campo de control de longitud fija ta
008 - DATOS DE LONGITUD FIJA--INFORMACIÓN GENERAL
campo de control de longitud fija 110405s1996 dr 000 0 spa d
040 ## - FUENTE DE LA CATALOGACIÓN
Centro catalogador/agencia de origen DO-SdBNP
Lengua de catalogación spa
Centro/agencia transcriptor BNPHU
082 ## - NÚMERO DE LA CLASIFICACIÓN DECIMAL DEWEY
Número de edición 22
Número de clasificación 056.0216
Número de documento/Ítem B219
245 00 - MENCIÓN DE TÍTULO
Título Banreservas :
Resto del título un legado /
Mención de responsabilidad, etc. compilador Eligio Bisonó B.
260 ## - PUBLICACIÓN, DISTRIBUCIÓN, ETC.
Lugar de publicación, distribución, etc. Santo Domingo :
Nombre del editor, distribuidor, etc. Banreservas,
Fecha de publicación, distribución, etc. 1996.
300 ## - DESCRIPCIÓN FÍSICA
Extensión 66 p. :
Otras características físicas il. ;
Dimensiones 23 cm.
490 1# - MENCIÓN DE SERIE
Mención de serie Banreservas
505 0# - NOTA DE CONTENIDO CON FORMATO
Nota de contenido con formato Iglesias, capillas y ermitas coloniales / María Ugarte -- La portada de la Catedral de Santo Domingo / José M. Batlle Pérez -- Don Sebastián Ramírez de Fuenleal, Obispo y legislador / José Luis Sáez, S.J -- El último tren de Sánchez. Cuentos y vivencias de mi Pueblo / Rafael Jiménez Espino -- El canto de tradición oral de República Dominicana / Bernarda Jorge -- Por los trillos del arte. Vivencias, semblanzas e inquietudes / Aída Bonnelly -- Trujillo, Villa Francisca y otros fantasmas / Marcio Veloz Maggiolo -- El cinturón verde de la Ciudad de Santo Domingo -- Marcado por el mar / Armando Almánzar -- Memoria del azar / Enriquillo Sánchez -- Dramas y comedias en ocho obras teatrales / Arturo Rodríguez Fernández -- La responsabilidad de la banca en el lavado de dinero / Laura Arzeno E, Ilona de la Rocha -- Bases de la colección Banreservas.
590 ## - NOTA LOCAL (RLIN)
Nota local Inventariado, 2022/BT
650 ## - PUNTO DE ACCESO ADICIONAL DE MATERIA--TÉRMINO DE MATERIA
Fuente del encabezamiento o término Publicaciones seriadas
Subdivisión general Catálogos
Subdivisión geográfica República Dominicana
9 (RLIN) 81413
700 1# - PUNTO DE ACCESO ADICIONAL--NOMBRE DE PERSONA
Nombre de persona Bisonó B., Eligio,
Fechas asociadas al nombre 1941-
Término indicativo de función/relación comp.
9 (RLIN) 54877
710 2# - PUNTO DE ACCESO ADICIONAL--NOMBRE DE ENTIDAD CORPORATIVA
Nombre de entidad corporativa o nombre de jurisdicción como elemento de entrada Banco de Reservas de la República Dominicana
9 (RLIN) 6285
910 ## - DATOS DE OPCIÓN DEL USUARIO (OCLC)
Datos de opción del usuario Btavárez
942 ## - ELEMENTOS DE PUNTO DE ACCESO ADICIONAL (KOHA)
Fuente del sistema de clasificación o colocación Dewey Decimal Classification
Tipo de ítem Koha Libro
Holdings
Estado de retiro Estado de pérdida Fuente del sistema de clasificación o colocación Restricciones de uso No para préstamo Código de colección Localización permanente Ubicación/localización actual Ubicación en estantería Fecha de adquisición Total de préstamos Signatura topográfica completa Código de barras Fecha visto por última vez Precio válido a partir de Tipo de ítem Koha Fuente de adquisición Número de copia
    Dewey Decimal Classification Préstamo restringido   Patrimonio Dominicano Biblioteca Nacional Pedro Henríquez Ureña Biblioteca Nacional Pedro Henríquez Ureña En catalogación 05.04.2011   27800-10 25.06.2020 25.06.2020 Libro    
    Dewey Decimal Classification Préstamo restringido   Patrimonio Dominicano Biblioteca Nacional Pedro Henríquez Ureña Biblioteca Nacional Pedro Henríquez Ureña En catalogación 04.04.2022   056.0216 B219 2022-1081 04.04.2022 04.04.2022 Libro Donación e.2

Powered by Koha